000 00505nam a2200157Ia 4500
008 240729s9999 xx 000 0 und d
022 _a1759-667X
245 0 _aJournal of Learning Development in Higher Education
260 _aUnited Kingdom
260 _bAssociation for Learning Development in Higher Education (ALDinHE)
650 _a Theory and practice of education
650 _aEducation
856 _uhttps://doaj.org/toc/055c7fa50a1a4334a0ad281b00b84bd3
942 _2ddc
942 _cDOAJEJ
999 _c72221
_d72221
945 _a1
_bMadushi Gamage
_c1
_dMadushi Gamage